<?xml version="1.0" encoding="UTF-8"?>
<record
    xmlns:xsi="http://www.w3.org/2001/XMLSchema-instance"
    xsi:schemaLocation="http://www.loc.gov/MARC21/slim http://www.loc.gov/standards/marcxml/schema/MARC21slim.xsd"
    xmlns="http://www.loc.gov/MARC21/slim">

  <leader>00559nam a22001697a 4500</leader>
  <controlfield tag="005">20180723130511.0</controlfield>
  <datafield tag="020" ind1=" " ind2=" ">
    <subfield code="a">8175345330</subfield>
    <subfield code="c">295.00</subfield>
  </datafield>
  <datafield tag="035" ind1=" " ind2=" ">
    <subfield code="a">B-167954,B-167952, B-167949</subfield>
  </datafield>
  <datafield tag="037" ind1=" " ind2=" ">
    <subfield code="a">DPL</subfield>
    <subfield code="b">ENG</subfield>
  </datafield>
  <datafield tag="100" ind1=" " ind2=" ">
    <subfield code="a">Kumar, H.L.</subfield>
  </datafield>
  <datafield tag="245" ind1=" " ind2=" ">
    <subfield code="a">Practical guide to employees' provident funds :</subfield>
    <subfield code="b">Act, rules and schemes /</subfield>
    <subfield code="c">by H.L. Kumar and Gaurav Kumar</subfield>
  </datafield>
  <datafield tag="250" ind1=" " ind2=" ">
    <subfield code="a">5th ed.</subfield>
  </datafield>
  <datafield tag="260" ind1=" " ind2=" ">
    <subfield code="a">New Delhi</subfield>
    <subfield code="b">Universal Law Publishing Co.</subfield>
    <subfield code="c">2006</subfield>
  </datafield>
  <datafield tag="300" ind1=" " ind2=" ">
    <subfield code="a">xxxvi, 374p.</subfield>
    <subfield code="c">22 cms.</subfield>
  </datafield>
  <datafield tag="700" ind1=" " ind2=" ">
    <subfield code="a">Kumar, Gaurav </subfield>
    <subfield code="9">46925</subfield>
  </datafield>
  <datafield tag="942" ind1=" " ind2=" ">
    <subfield code="2">ddc</subfield>
    <subfield code="c">EN</subfield>
    <subfield code="h">342.068</subfield>
    <subfield code="m">KUM</subfield>
  </datafield>
  <datafield tag="999" ind1=" " ind2=" ">
    <subfield code="c">66503</subfield>
    <subfield code="d">66503</subfield>
  </datafield>
  <datafield tag="952" ind1=" " ind2=" ">
    <subfield code="0">0</subfield>
    <subfield code="1">0</subfield>
    <subfield code="4">0</subfield>
    <subfield code="7">0</subfield>
    <subfield code="8">NFIC</subfield>
    <subfield code="a">ZLS</subfield>
    <subfield code="b">ZLS</subfield>
    <subfield code="d">2012-05-11</subfield>
    <subfield code="g">295.00</subfield>
    <subfield code="l">3</subfield>
    <subfield code="o">342.068 KUM</subfield>
    <subfield code="p">B-167954</subfield>
    <subfield code="r">2026-04-15 17:09:03</subfield>
    <subfield code="s">2026-04-01</subfield>
    <subfield code="v">295.00</subfield>
    <subfield code="w">2012-05-11</subfield>
    <subfield code="y">EN</subfield>
  </datafield>
  <datafield tag="952" ind1=" " ind2=" ">
    <subfield code="0">0</subfield>
    <subfield code="1">0</subfield>
    <subfield code="4">0</subfield>
    <subfield code="7">0</subfield>
    <subfield code="8">NFIC</subfield>
    <subfield code="a">TN</subfield>
    <subfield code="b">TN</subfield>
    <subfield code="d">2018-07-12</subfield>
    <subfield code="e">BPPD/pub</subfield>
    <subfield code="g">295.00</subfield>
    <subfield code="l">0</subfield>
    <subfield code="o">342.068 KUM</subfield>
    <subfield code="p">B-167952</subfield>
    <subfield code="r">2018-07-12 00:00:00</subfield>
    <subfield code="t">1</subfield>
    <subfield code="v">295.00</subfield>
    <subfield code="w">2018-07-12</subfield>
    <subfield code="y">EN</subfield>
  </datafield>
  <datafield tag="952" ind1=" " ind2=" ">
    <subfield code="0">0</subfield>
    <subfield code="1">0</subfield>
    <subfield code="4">0</subfield>
    <subfield code="7">0</subfield>
    <subfield code="8">NFIC</subfield>
    <subfield code="a">BL1</subfield>
    <subfield code="b">BL1</subfield>
    <subfield code="d">2018-07-23</subfield>
    <subfield code="e">BPPD/PUB</subfield>
    <subfield code="g">295.00</subfield>
    <subfield code="l">0</subfield>
    <subfield code="o">342.068 KUM</subfield>
    <subfield code="p"> B-167949</subfield>
    <subfield code="r">2018-07-23 00:00:00</subfield>
    <subfield code="v">295.00</subfield>
    <subfield code="w">2018-07-23</subfield>
    <subfield code="y">EN</subfield>
  </datafield>
</record>
